00579nam a2200169 4500001000700000003000900007005001700016007000300033008004100036100003900077245005300116260004600169300002100215852003200236999001900268952012200287127964ES-MaACL20230906193129.0t|070214s1968 sp r ||||1| spa d1 aRivero Iturralde, Gregorio.99770310aPoemas para salto / cGregorio Rivero Iturralde. aMadrid : b[s. n.], c1968 (fImp. Sèz) a83 p. ; c20 cm. aES-MaACLjC-34720 bR.66969 c127964d127964 00104070aATENEOMbATENEOMcDEPO2d2008-01-17eSCl0oC-34720p1133279r2023-02-23 00:00:00w2023-02-23yMONOGRAFIA